00555nam a2200193 a 4500001001300000003000900013005001700022008004100039020001200080082001700092100001700109245007300126260005100199300000900250500003500259505001700294650003300311700001700344nice12345678IN_TiNIC20260116014436.0050524s2000 wasa grp 000 0 eng  ac717.600a327.172bAAL aAall, Pamela aGuide to Igos, Ngos, and the Military in Peace and Relief Operations aWashingtonbUnited States Inst. of Peacec2000 a295p aincludes index and biblioraphy2 aBibliography aNon Government Organizations1 aAall, Pamela